Недействующая опись дел фонда М.М. Алексеенко (№ 831), составленная в 1941 году в Центральном государственном историческом архив...

Доступно только в Электронных читальных залах Найти на картеНа карте
RUSMARC
00004469nmc2a22000003x 450
0017de31611-f2f6-416e-9609-c7f7963d758d
00520180927182715.0
100##$a20170404l19031916k l0rusy0189 ca
1010#$arus
102##$aRU
2001#$aНедействующая опись дел фонда М.М. Алексеенко (№ 831), составленная в 1941 году в Центральном государственном историческом архиве в Москве
$j1941 г.
251##$cДело
300##$aПисьма разных лиц М.М. Алексеенко; его черновые заметки
300##$aОриг. заголовок дела: Инвентарная опись дел №1 фонда №1616 М.М. Алексеенко (№ 831), составленная в Центральном государственном историческом архиве СССР. 1903 г. - 1916 г
801#0$aRU
$bРГИА
$c20170404
$gRCR
801#1$aRU
$bГлавНИВЦ
$c20170404
$2rusmarc
801#2$aRU
$bПБ им. Б.Н. Ельцина
$c20180927
$gRCR
$2rusmarc
850##$aРГИА
852##$aРГИА
$eФедеральное казенное учреждение "Российский государственный исторический архив" (РГИА)
$j48
937##$hРГИА
$d12234344
$aASBIBLIO_SCAN
462#0$1001f4cc5ff3-a559-440c-b487-45d74f44b7e2
$12001
$aПечатные отчеты, доклады и другие материалы о заседаниях Государственной думы, о деятельности государственного и других банков, Романовского комитета по обеспечению сирот и детей воинов; материалы к проекту переустройства Одесского порта и об организации Одесской фабрично-заводской художественной выставки
$1251
$cОпись
$1852
$j1
461#0$1001c208dac8-5ac4-4eeb-b5b1-f93dab802890
$12001
$aАлексеенко Михаил Мартынович (1847-1917 гг.)
$1251
$cФонд
$1852
$j1616
215##$a11 л.
$d30х22,5 см
371##$aДокумент не является опубликованным и широко распространяемым
105##$ay###
1222#$ad
5171#$aИнвентарная опись дел №1 фонда №1616 М.М. Алексеенко (№ 831), составленная в Центральном государственном историческом архиве СССР. 1903 г. - 1916 г
035##$a7de31611-f2f6-416e-9609-c7f7963d758d
856##$uhttp://readingroom.main.prlib.ru/item.aspx?id_node=n118687188&mode=full
Формат отображения